000045756 001 __ 45756
000045756 005 __ 20240526112400.0
000045756 024 8_ $9 trerecprouab $9 scholar $9 primocentral $9 driver $a oai:ddd.uab.cat:45756
000045756 035 __ $a oai:egreta.uab.cat:studenttheses/fcbc8555-af77-422b-bd18-67a1686a6f08
000045756 041 __ $a eng
000045756 080 __ $a 574
000045756 100 0_ $0 0000-0003-1988-1154 $a Serra Díaz, Josep M.
000045756 245 0_ $a Combining classification techniques to define topo-climatic landscapes
000045756 246 0_ $a Combinació de tècniques de classificació per la cartografia de paisatges topo-climàtics: estudi de la regió Lleida-Pirineus (NE Península Ibèrica)
000045756 246 0_ $a Combining classification techniques to map topo-climatic landscapes: a case study of Lleida-Pyrenees region (NE Iberian Peninsula)
000045756 260 __ $c 2008
000045756 300 __ $a 35 p.
000045756 520 3_ $a Landscape classification tackles issues related to the representation and analysis of continuous and variable ecological data. In this study, a methodology is created in order to define topo-climatic landscapes (TCL) in the north-west of Catalonia (north-east of the Iberian Peninsula). TCLs relate the ecological behaviour of a landscape in terms of topography, physiognomy and climate, which compound the main drivers of an ecosystem. Selected variables are derived from different sources such as remote sensing and climatic atlas. The proposed methodology combines unsupervised interative cluster classification with a supervised fuzzy classification. As a result, 28 TCLs have been found for the study area which may be differentiated in terms of vegetation physiognomy and vegetation altitudinal range type. Furthermore a hierarchy among TCLs is set, enabling the merging of clusters and allowing for changes of scale. Through the topo-climatic landscape map, managers may identify patches with similar environmental conditions and asses at the same time the uncertainty involved.
000045756 540 __ $9 open access $a Aquest document està subjecte a una llicència d'ús Creative Commons. Es permet la reproducció total o parcial, la distribució, i la comunicació pública de l'obra, sempre que no sigui amb finalitats comercials, i sempre que es reconegui l'autoria de l'obra original. No es permet la creació d'obres derivades. $u https://creativecommons.org/licenses/by-nc-nd/2.5/
000045756 546 __ $a Anglès
000045756 650 __ $a Paisatge $x Classificació
000045756 650 __ $a Paisatge $x Ecologia
000045756 650 __ $a Cartografia $x Processament de dades
000045756 650 __ $a Conglomerats (Matemàtica), Anàlisi de
000045756 655 _7 $1 http://purl.org/coar/resource_type/c_bdcc $2 openaire4 $a Treball de fi de postgrau $c literature
000045756 700 0_ $0 0000-0002-1101-0453 $a Ninyerola i Casals, Miquel, $e dir. $u Universitat Autònoma de Barcelona. Departament de Biologia Animal, de Biologia Vegetal i d'Ecologia
000045756 710 1_ $9 688 $a Universitat Autònoma de Barcelona. $b Institut de Ciència i Tecnologia Ambientals
000045756 710 2_ $9 500 $a Universitat Autònoma de Barcelona
000045756 762 0_ $t Institut de Ciència i Tecnologia Ambientals. Treballs de recerca de postgrau $w hdl_2072_4833
000045756 856 40 $p 35 $s 1428677 $u https://ddd.uab.cat/pub/trerecpro/2008/hdl_2072_13271/JMSerra_Combining_Classification_Techniques_to_landscapes.pdf
000045756 980 __ $a TRERECPRO $b UAB $b ICTAUAB